000 00642nam a2200217Ia 4500
003 GCL
008 140319s9999 xx 000 0 ara d
040 _aGCL /
_cGCL
082 0 4 _aط
_b398.245
_bو ح
100 1 _aشاكر المعداوى
245 1 0 _aجرزان بدرور /
_cشاكر المعداوى
700 1 _aوصفى ال وصفى
260 _a[S.N] :
_bدار المعارف ،
_c1991
300 _a24
490 _aحكايات من كليلة ودمنة
_v0
650 0 4 _aالاطفال
650 0 4 _aقصص الاطفال
650 0 4 _aالقصص الخرافية
650 0 4 _aالاساطير
942 _2ddc
_cBK
999 _c58308
_d58308